000 00591nam a2200169 a 4500
008 120416s1963 ||||||||||||||||| || u
050 _aHD 82 Gil
100 _aGill, Richard T
245 1 0 _aEconomic development
246 _apast and present
260 _aEnglewood Cliffs, N.J.
_bFT Prentice-Hall
_c[1963]
300 _aviii,120p. : ill.
350 _a0.00
650 0 _aECONOMICS
650 0 _aECONOMIC DEVELOPMENT--AFRICA, SUB-SAHARAN
995 _D0.00
_FCBU-MAIN LIBRARY (Kitwe)
_H1
_I0.00
_M1
_UDAMAGED
_ZMain Library Open Access Collection
999 _c40777
_d40777